| 000 | 00429nam a22001817a 4500 | ||
|---|---|---|---|
| 003 | MPLRDC | ||
| 005 | 20220104123936.0 | ||
| 008 | 210129b ||||| |||| 00| 0 eng d | ||
| 020 | _a962-357-664-1 | ||
| 082 | _a411.9 LZW | ||
| 100 | _a梁兆文 | ||
| 245 |
_a腰痛防治手册 _c |
||
| 260 |
_a _b明窗出版社 _c1994 |
||
| 300 | _b平 | ||
| 490 | _a保健系列. 16 | ||
| 650 | _a特殊论题 | ||
| 942 |
_cBK _o411.9 LZW |
||
| 999 |
_c15395 _d15385 |
||